000 00748nam a2200253Ia 4500
003 OSt
005 20221005082804.0
006 a|||||r|||| 00| 0
007 ta
008 221004b |||||||| |||| 00| 0 urd d
020 _c12
024 _a5151
037 _b6069, 25/03/2013, Educational Publishing House
_cTextual
040 _aCRL
_cCRL
_burd
041 _2urd
_aurd
082 _aO168,6M95w, N0
100 _aAyub Haroon
_9612126
245 0 _aMirza azeem beg chughtai
260 _aNew Delhi
_bTaraqqi Urdu Beuro India
_c1990
300 _a144p.
_ccm.
650 _aURDU LITERATURE
942 _hO168,6M95w, N0
_cTEXL
_2cc
999 _c989896
_d989896